000 00710nam a2200229 i 4500
001 sa 68006602
003 DLC
005 20260227112517.0
008 840921s1966 bg b 00010 beno
010 _asa 68006602 //r84
020 _cRs6.50
050 0 _aLB1025
_b.K85 1966
100 1 0 _aKuddus, Mohāmmada Ābadula,
_d1908-
245 1 0 _aŚikshānītira kaẏekaṭi kathā /
_cMohāmmada Ābadula Kuddus.
250 _a[Paribardhita o parimārjita 4. saṃskaraṇa].
260 0 _aKumillā :
_bGolāma Kuddus,
_c[1966]
300 _a5, 4, 318, 12, 4 p. ;
_c23 cm.
500 _aIn Bengali.
504 _aBibliography: p. [1]-4 (last group)
650 0 _aTeaching.
650 0 _aEducation
_zPakistan.
999 _c81379
_d81379